|
|
|
|
| LEADER |
00000nab a2200000 a 4500 |
| 001 |
vtls011720592 |
| 003 |
SK-MaSNL |
| 005 |
20260304040702.0 |
| 008 |
171114 2017 xo 000 0 cze |
| 015 |
|
|
|a SNBRB2017/11
|2 LMAOSK
|
| 040 |
|
|
|a LMAOSK
|b slo
|c LMAOSK
|e AACR2
|
| 041 |
0 |
|
|a cze
|
| 043 |
|
|
|a a-cc---
|
| 044 |
|
|
|a xo
|c SK
|
| 080 |
|
|
|a 623
|x (510)
|2 2011
|
| 080 |
|
|
|a 623.438
|2 2011
|
| 080 |
|
|
|a (046)
|2 2011
|
| 100 |
1 |
|
|a Visingr, Lukáš,
|d 1983-
|4 aut
|9 372626
|
| 245 |
1 |
0 |
|a Čínské obrněné automobily
|b nabídka (nejen) pro třetí svět se rozrůstá
|c Lukáš Visingr
|
| 300 |
|
|
|b Fotogr., tab.
|
| 500 |
|
|
|a Obsahuje technické údaje.
|
| 650 |
0 |
7 |
|a vojenská technika
|2 SNKPH
|9 29297
|
| 650 |
0 |
7 |
|a bojové vozidlá
|2 SNKbucl
|9 18532
|
| 650 |
0 |
7 |
|a obrnené vozidlá
|2 SNKPH
|9 73553
|
| 651 |
|
7 |
|a Čína
|2 SNKPH
|9 21369
|
| 655 |
|
7 |
|a články
|2 SNKPH
|9 70601
|
| 773 |
0 |
|
|t ATM
|g Roč. 49, č. 11 (2017), s. 30-33
|x 1802-4823
|
| 852 |
|
|
|a LMAOSK
|b KIS3GCP
|
| 958 |
|
|
|a NB
|
| 999 |
|
|
|c 2664458
|d 2666388
|